00497 2200193 4500001002100000005001500021035002000036008004100056245006300097100002000160250000600180260004600186300001100232084001400243082000800257650001400265990001200279990001200291INLIS00000000000029920240503081121 a0010-0424000275240503 0 ind 1 aPemuda & Kelautan : Sumber Daya Kelautan /cAdhyaksa Dault aDault, Adhyaksa a1 aYogyakarta :bPT. Citra Aji Parama,c2017 a56 hlm a300 ADH p a300 4aNon Fiksi a0728799 a0728800